| 000 | 00555nam a2200253Ia 4500 | ||
|---|---|---|---|
| 008 | 210210b1948 xxu||||| |||| 00| 0 eng d | ||
| 041 | _aeng | ||
| 082 | _a230/30 | ||
| 100 | _aCOULTON (C J) | ||
| 245 | _aIs the catholic church anti social? | ||
| 260 |
_aLondon _bNot Mentioned _c1948 |
||
| 300 | _av,249 | ||
| 650 | _athe | ||
| 650 | _asocial? | ||
| 650 | _asocial | ||
| 650 | _aIs | ||
| 650 | _achurch | ||
| 650 | _acatholic | ||
| 650 | _aanti | ||
| 650 | _a? | ||
| 690 | _aChristianity | ||
| 700 | _aLUNN (Arnold) | ||
| 906 | _a001266 | ||
| 999 |
_c116157 _d116157 |
||